[Event "Faroes Open 2018"]
[Site "Sandavagur"]
[Date "2018.07.13"]
[Round "8"]
[White "Haubro, Siv"]
[Black "Olsen, Kaj"]
[Result "1/2-1/2"]
[WhiteElo "1780"]
[BlackElo "1696"]
[Annotator "NA"]
[PlyCount "100"]
[EventDate "2018.07.07"]
[EventType "swiss"]
[EventCountry "FAI"]
[SourceTitle "playchess.com"]
[Source "ChessBase"]
[SourceQuality "1"]
[TimeControl "40/5400+30:900+30"]

1. e4 {[%emt 0:00:00]} e5 {[%emt 0:00:00]} 2. Nf3 {[%emt 0:00:00]} Nf6 {[%emt 0:00:00]} 3. Bc4 {[%emt 0:00:24]} Nc6 {[%emt 0:01:47]} 4. O-O {[%emt 0:03:12]} d6 {[%emt 0:02:52]} 5. d3 {[%emt 0:04:53]} Bg4 {[%emt 0:00:45]} 6. Nbd2 {[%emt 0:02:02]} Na5 {[%emt 0:00:25]} 7. Bb3 {[%emt 0:01:37]} Be7 {[%emt 0:00:31]} 8. c3 {[%emt 0:00:42]} c5 {[%emt 0:02:11]} 9. Bc2 {[%emt 0:00:46]} Nc6 {[%emt 0:03:44]} 10. Re1 {[%emt 0:00:16]} O-O {[%emt 0:00:07]} 11. Nf1 {[%emt 0:00:31]} d5 {[%emt 0:08:21]} 12. Qe2 {[%emt 0:02:47]} d4 {[%emt 0:11:29]} 13. Ng3 {[%emt 0:06:56]} Ne8 {[%emt 0:01:45]} 14. Ba4 {[%emt 0:09:34]} Qd6 {[%emt 0:09:11]} 15. h3 {[%emt 0:08:36]} Be6 {[%emt 0:02:13]} 16. Ng5 {[%emt 0:07:43]} Bxg5 {[%emt 0:01:23]} 17. Bxg5 {[%emt 0:00:06]} f6 {[%emt 0:00:36]} 18. Bd2 {[%emt 0:08:29]} Rd8 {[%emt 0:01:04]} 19. c4 {[%emt 0:01:12]} Rb8 {[%emt 0:05:51]} 20. Rf1 {[%emt 0:04:44]} Nc7 {[%emt 0:02:51]} 21. f4 {[%emt 0:02:59]} a6 {[%emt 0:00:51]} 22. f5 {[%emt 0:04:13]} Bf7 {[%emt 0:00:37]} 23. Qg4 {[%emt 0:00:49]} b5 {[%emt 0:06:30]} 24. Bh6 {[%emt 0:00:41]} Ne8 {[%emt 0:00:12]} 25. cxb5 {[%emt 0:01:50]} axb5 {[%emt 0:00:06]} 26. Bb3 {[%emt 0:02:28]} Bxb3 {[%emt 0:03:42]} 27. Nh5 {[%emt 0:05:03]} Rf7 {[%emt 0:00:41]} 28. axb3 {[%emt 0:01:08]} Nb4 {[%emt 0:00:13]} 29. Rf3 {[%emt 0:00:29]} Kf8 {[%emt 0:05:56]} 30. Rg3 {[%emt 0:02:37]} Qc7 {[%emt 0:04:32]} 31. Bd2 {[%emt 0:00:50]} Nc6 {[%emt 0:02:22]} 32. Ra6 {[%emt 0:03:37]} Qb7 {[%emt 0:01:54]} 33. Ra1 {[%emt 0:03:17]} Ra8 {[%emt 0:02:46]} 34. Rxa8 {[%emt 0:00:45]} Qxa8 {[%emt 0:00:09]} 35. Kh2 {[%emt 0:01:18]} Na5 {[%emt 0:02:05]} 36. Qd1 {[%emt 0:01:45]} Nc6 {[%emt 0:00:35]} 37. Qc2 {[%emt 0:02:04]} Qa7 {[%emt 0:00:27]} 38. h4 {[%emt 0:01:22]} Kg8 {[%emt 0:00:56]} 39. Rf3 {[%emt 0:02:04]} Kh8 {[%emt 0:01:37]} 40. g4 {[%emt 0:00:28]} Nc7 {[%emt 0:10:35]} 41. g5 {[%emt 0:15:41]} fxg5 {[%emt 0:15:25]} 42. Bxg5 {[%emt 0:04:53]} b4 {[%emt 0:00:00]} 43. Nxg7 {[%emt 0:00:00]} Kxg7 {[%emt 0:00:00]} 44. Qg2 {[%emt 0:00:00]} Qb8 {[%emt 0:00:00]} 45. Bh6+ {[%emt 0:00:00]} Kh8 {[%emt 0:00:00]} 46. Rg3 {[%emt 0:00:00]} Ne7 {[%emt 0:01:17]} 47. h5 {[%emt 0:00:00]} Qb6 {[%emt 0:02:48]} 48. Bg7+ {[%emt 0:00:00]} Rxg7 {[%emt 0:00:05]} 49. Rxg7 {[%emt 0:00:00]} Qf6 {[%emt 0:00:30]} 50. Rg4 {[%emt 0:00:35]} Qh6 {[%emt 0:00:45]} 1/2-1/2

[Event "Faroes Open 2018"]
[Site "Sandavagur"]
[Date "2018.07.13"]
[Round "8"]
[White "Nielsen, Jon I Horni"]
[Black "Joensen, Hans Petur"]
[Result "0-1"]
[WhiteElo "1735"]
[BlackElo "1627"]
[Annotator "NA"]
[PlyCount "32"]
[EventDate "2018.07.07"]
[EventType "swiss"]
[EventCountry "FAI"]
[SourceTitle "playchess.com"]
[Source "ChessBase"]
[SourceQuality "1"]
[TimeControl "40/5400+30:900+30"]

1. e4 {[%emt 0:00:16]} c5 {[%emt 0:00:00]} 2. Nf3 {[%emt 0:02:00]} g6 {[%emt 0:01:22]} 3. d4 {[%emt 0:03:03]} cxd4 {[%emt 0:01:08]} 4. Nxd4 {[%emt 0:00:44]} Bg7 {[%emt 0:01:20]} 5. Be3 {[%emt 0:02:29]} Nf6 {[%emt 0:01:50]} 6. Nc3 {[%emt 0:01:16]} Nc6 {[%emt 0:00:59]} 7. f3 {[%emt 0:01:04]} Qa5 {[%emt 0:01:25]} 8. Qd2 {[%emt 0:03:40]} d5 {[%emt 0:16:15]} 9. Nxc6 {[%emt 0:01:15]} bxc6 {[%emt 0:02:46]} 10. exd5 {[%emt 0:00:30]} Nxd5 {[%emt 0:02:53]} 11. Bd4 {[%emt 0:01:43]} e5 {[%emt 0:07:39]} 12. Nxd5 {[%emt 0:03:18]} Qxd5 {[%emt 0:12:02]} 13. Bc3 {[%emt 0:03:24]} O-O {[%emt 0:00:58]} 14. O-O-O {[%emt 0:00:59]} Qxa2 {[%emt 0:01:16]} 15. b3 {[%emt 0:01:30]} Be6 {[%emt 0:03:26]} 16. Qd6 {[%emt 0:04:39]} Bh6+ {[%emt 0:02:41]} 0-1

[Event "Faroes Open 2018"]
[Site "Sandavagur"]
[Date "2018.07.13"]
[Round "8"]
[White "Djurhuus, Arant"]
[Black "Spiesberger, Gerhard"]
[Result "0-1"]
[WhiteElo "1703"]
[BlackElo "2058"]
[Annotator "NA"]
[PlyCount "82"]
[EventDate "2018.07.07"]
[EventType "swiss"]
[EventCountry "FAI"]
[SourceTitle "playchess.com"]
[Source "ChessBase"]
[SourceQuality "1"]
[TimeControl "40/5400+30:900+30"]

1. d4 {[%emt 0:00:00]} d6 {[%emt 0:01:04]} 2. Nf3 {[%emt 0:02:44]} Nc6 {[%emt 0:00:13]} 3. e4 {[%emt 0:01:46]} e5 {[%emt 0:00:35]} 4. dxe5 {[%emt 0:06:43]} Nxe5 {[%emt 0:03:01]} 5. Nxe5 {[%emt 0:02:24]} dxe5 {[%emt 0:00:25]} 6. Qxd8+ {[%emt 0:00:14]} Kxd8 {[%emt 0:00:09]} 7. Bc4 {[%emt 0:02:03]} f6 {[%emt 0:00:21]} 8. Be3 {[%emt 0:00:18]} c6 {[%emt 0:00:31]} 9. Nd2 {[%emt 0:01:51]} Kc7 {[%emt 0:00:28]} 10. a4 {[%emt 0:01:17]} Bd6 {[%emt 0:06:19]} 11. a5 {[%emt 0:06:29]} Ne7 {[%emt 0:01:13]} 12. c3 $14 {[%emt 0:06:52]} Bd7 {[%emt 0:03:26]} 13. O-O {[%emt 0:02:54]} Ng6 {[%emt 0:01:32]} 14. b4 {[%emt 0:03:46]} Rhe8 {[%emt 0:06:12]} 15. Rfc1 {[%emt 0:04:19]} Be6 {[%emt 0:03:25]} 16. Bf1 {[%emt 0:01:47]} b6 {[%emt 0:02:15]} 17. Nc4 {[%emt 0:09:01]} Bxc4 {[%emt 0:12:09]} 18. Bxc4 {[%emt 0:00:17]} b5 {[%emt 0:01:28]} 19. Bf1 {[%emt 0:01:44]} a6 {[%emt 0:04:38]} 20. c4 {[%emt 0:02:59]} Kb7 {[%emt 0:04:04]} 21. Rab1 {[%emt 0:05:18]} Nf4 {[%emt 0:07:37]} 22. Bb6 {[%emt 0:02:31]} Ne6 {[%emt 0:01:24]} 23. Rd1 {[%emt 0:00:45]} Bc7 {[%emt 0:03:29]} 24. Rd7 {[%emt 0:01:20]} Rad8 {[%emt 0:01:11]} 25. Rf7 {[%emt 0:09:39]} Rf8 {[%emt 0:03:41]} 26. Re7 {[%emt 0:02:06]} Rde8 {[%emt 0:01:00]} 27. Rd7 {[%emt 0:01:57]} Kc8 {[%emt 0:00:43]} 28. Rbd1 {[%emt 0:00:39]} Rd8 {[%emt 0:03:47]} 29. Rxd8+ {[%emt 0:02:33]} Rxd8 {[%emt 0:00:26]} 30. Rxd8+ {[%emt 0:01:16]} Bxd8 {[%emt 0:00:38]} 31. Be3 {[%emt 0:02:03]} Be7 {[%emt 0:02:09]} 32. cxb5 {[%emt 0:05:18]} cxb5 {[%emt 0:00:25]} 33. Bd2 {[%emt 0:00:17]} Nd4 {[%emt 0:00:23]} 34. Bd3 {[%emt 0:00:28]} Nc6 {[%emt 0:00:14]} 35. Kf1 {[%emt 0:02:29]} Bxb4 {[%emt 0:04:07]} 36. Ke2 {[%emt 0:00:59]} Bxd2 {[%emt 0:00:34]} 37. Kxd2 {[%emt 0:00:08]} Nxa5 {[%emt 0:01:11]} 38. Kc3 {[%emt 0:00:33]} Nc6 {[%emt 0:00:10]} 39. Bb1 {[%emt 0:01:38]} Kd7 {[%emt 0:00:51]} 40. g3 {[%emt 0:00:52]} Kd6 {[%emt 0:00:18]} 41. Ba2 {[%emt 0:15:54]} Kc5 {[%emt 0:15:21]} 0-1

[Event "Faroes Open 2018"]
[Site "Sandavagur"]
[Date "2018.07.13"]
[Round "8"]
[White "Tummasarson, Flóvin Matras"]
[Black "Fjallheim, Benjamin Reinert"]
[Result "1/2-1/2"]
[WhiteElo "1237"]
[BlackElo "1375"]
[Annotator "NA"]
[PlyCount "102"]
[EventDate "2018.07.07"]
[EventType "swiss"]
[EventCountry "FAI"]
[SourceTitle "playchess.com"]
[Source "ChessBase"]
[SourceQuality "1"]
[TimeControl "40/5400+30:900+30"]

1. e4 {[%emt 0:00:00]} e5 {[%emt 0:07:57]} 2. Nf3 {[%emt 0:00:00]} Nc6 {[%emt 0:00:49]} 3. Bc4 {[%emt 0:00:41]} Bc5 {[%emt 0:00:34]} 4. c3 {[%emt 0:00:35]} Nf6 {[%emt 0:00:19]} 5. d3 {[%emt 0:00:17]} d6 {[%emt 0:00:59]} 6. Be3 {[%emt 0:02:25]} Bb6 {[%emt 0:00:24]} 7. Nbd2 {[%emt 0:01:03]} Be6 {[%emt 0:01:39]} 8. O-O {[%emt 0:02:23]} Ng4 {[%emt 0:02:42]} 9. Bxb6 {[%emt 0:05:15]} axb6 {[%emt 0:06:00]} 10. h3 {[%emt 0:02:36]} Nf6 {[%emt 0:00:17]} 11. Qc2 {[%emt 0:01:21]} O-O {[%emt 0:02:51]} 12. b4 {[%emt 0:03:51]} Na7 {[%emt 0:04:11]} 13. d4 {[%emt 0:08:46]} exd4 {[%emt 0:02:25]} 14. cxd4 {[%emt 0:04:04]} Bxc4 {[%emt 0:02:09]} 15. Nxc4 {[%emt 0:00:51]} c5 {[%emt 0:00:47]} 16. bxc5 {[%emt 0:02:51]} bxc5 {[%emt 0:00:11]} 17. dxc5 {[%emt 0:00:42]} dxc5 {[%emt 0:00:13]} 18. e5 {[%emt 0:00:39]} Nd7 {[%emt 0:01:15]} 19. Nd6 {[%emt 0:00:59]} Qc7 {[%emt 0:01:32]} 20. Rfd1 {[%emt 0:07:02]} Nc6 {[%emt 0:02:05]} 21. Qe4 {[%emt 0:07:23]} Ra5 {[%emt 0:05:37]} 22. Ng5 {[%emt 0:10:52]} g6 {[%emt 0:00:21]} 23. f4 {[%emt 0:01:14]} Nd4 {[%emt 0:03:19]} 24. Qxb7 {[%emt 0:07:45]} Qxb7 {[%emt 0:00:57]} 25. Nxb7 {[%emt 0:00:26]} Ra7 {[%emt 0:00:14]} 26. Nd6 {[%emt 0:01:01]} Ne2+ {[%emt 0:00:18]} 27. Kf2 {[%emt 0:02:16]} Nxf4 {[%emt 0:00:20]} 28. Nf3 {[%emt 0:02:16]} Rfa8 {[%emt 0:01:31]} 29. Rd2 {[%emt 0:02:31]} Ne6 {[%emt 0:02:27]} 30. Nb5 {[%emt 0:03:07]} Ra5 {[%emt 0:05:01]} 31. Nc3 {[%emt 0:05:23]} Nd4 {[%emt 0:02:16]} 32. Nxd4 {[%emt 0:04:37]} cxd4 {[%emt 0:00:19]} 33. Rxd4 {[%emt 0:00:19]} Nxe5 {[%emt 0:00:23]} 34. a4 {[%emt 0:00:38]} Rc5 {[%emt 0:03:38]} 35. Ne4 {[%emt 0:03:13]} Rc2+ {[%emt 0:02:18]} 36. Rd2 {[%emt 0:02:43]} Rxd2+ {[%emt 0:01:35]} 37. Nxd2 {[%emt 0:00:10]} Kf8 {[%emt 0:01:29]} 38. a5 {[%emt 0:01:01]} Ra6 {[%emt 0:00:19]} 39. Nb3 {[%emt 0:00:30]} Nc6 {[%emt 0:00:40]} 40. Ke3 {[%emt 0:01:09]} Nb4 {[%emt 0:01:16]} 41. Kd2 {[%emt 0:16:35]} Rd6+ {[%emt 0:15:28]} 42. Ke2 {[%emt 0:01:29]} Na6 {[%emt 0:00:45]} 43. Rc1 {[%emt 0:01:04]} Ke7 {[%emt 0:01:03]} 44. Nc5 {[%emt 0:01:27]} Rc6 {[%emt 0:01:05]} 45. Nb3 {[%emt 0:00:09]} Rxc1 {[%emt 0:00:27]} 46. Nxc1 {[%emt 0:00:04]} Kd6 {[%emt 0:00:13]} 47. Na2 {[%emt 0:00:55]} Kc5 {[%emt 0:01:26]} 48. Nc3 {[%emt 0:00:10]} Kb4 {[%emt 0:01:25]} 49. Ne4 {[%emt 0:00:22]} Nb8 {[%emt 0:03:07]} 50. Ng5 {[%emt 0:00:26]} Kxa5 {[%emt 0:00:18]} 51. Nxf7 {[%emt 0:00:33]} Nd7 {[%emt 0:00:17]} 1/2-1/2

[Event "Faroes Open 2018"]
[Site "Sandavagur"]
[Date "2018.07.13"]
[Round "8"]
[White "Jacobsen, Markus"]
[Black "Petersen, Gutti"]
[Result "0-1"]
[WhiteElo "1106"]
[BlackElo "1596"]
[Annotator "NA"]
[PlyCount "78"]
[EventDate "2018.07.07"]
[EventType "swiss"]
[EventCountry "FAI"]
[SourceTitle "playchess.com"]
[Source "ChessBase"]
[SourceQuality "1"]
[TimeControl "40/5400+30:900+30"]

1. e4 {[%emt 0:00:00]} c5 {[%emt 0:00:16]} 2. Nf3 {[%emt 0:00:12]} d6 {[%emt 0:00:37]} 3. d4 {[%emt 0:00:44]} cxd4 {[%emt 0:00:28]} 4. Nxd4 {[%emt 0:00:26]} Nf6 {[%emt 0:00:34]} 5. Nc3 {[%emt 0:00:33]} a6 {[%emt 0:00:11]} 6. Bg5 {[%emt 0:01:00]} e6 {[%emt 0:00:47]} 7. Bd3 {[%emt 0:01:38]} Be7 {[%emt 0:00:34]} 8. Qe2 {[%emt 0:01:37]} Qc7 {[%emt 0:02:39]} 9. O-O {[%emt 0:01:16]} Nc6 {[%emt 0:00:28]} 10. Nxc6 {[%emt 0:01:00]} bxc6 {[%emt 0:01:07]} 11. Rae1 {[%emt 0:01:03]} e5 {[%emt 0:00:22]} 12. h3 {[%emt 0:01:12]} a5 {[%emt 0:02:08]} 13. Bxf6 {[%emt 0:03:01]} Bxf6 {[%emt 0:00:55]} 14. Bc4 {[%emt 0:03:06]} O-O {[%emt 0:01:40]} 15. Rd1 {[%emt 0:01:31]} Bb7 {[%emt 0:00:47]} 16. Rd3 {[%emt 0:01:35]} Rad8 {[%emt 0:02:02]} 17. Rfd1 {[%emt 0:02:45]} Be7 {[%emt 0:02:31]} 18. Qg4 {[%emt 0:01:24]} Bc8 {[%emt 0:01:40]} 19. Qg3 {[%emt 0:01:29]} Kh8 {[%emt 0:00:17]} 20. Rf3 {[%emt 0:01:02]} f5 {[%emt 0:01:06]} 21. exf5 {[%emt 0:05:10]} Bxf5 {[%emt 0:01:51]} 22. Rd2 {[%emt 0:02:05]} d5 {[%emt 0:10:11]} 23. Bd3 {[%emt 0:03:02]} Bxd3 {[%emt 0:01:01]} 24. Rxf8+ {[%emt 0:00:18]} Rxf8 {[%emt 0:00:32]} 25. Rxd3 {[%emt 0:01:21]} Bf6 {[%emt 0:04:09]} 26. Nd1 {[%emt 0:01:05]} Qe7 {[%emt 0:03:16]} 27. Rf3 {[%emt 0:00:39]} e4 {[%emt 0:01:11]} 28. Rf4 {[%emt 0:02:09]} Rd8 {[%emt 0:04:10]} 29. Rg4 {[%emt 0:02:32]} c5 {[%emt 0:05:57]} 30. Ne3 {[%emt 0:01:42]} g6 {[%emt 0:02:17]} 31. b3 {[%emt 0:03:31]} d4 {[%emt 0:01:51]} 32. Nc4 {[%emt 0:02:30]} d3 {[%emt 0:02:36]} 33. cxd3 {[%emt 0:01:22]} exd3 {[%emt 0:00:36]} 34. Qf4 {[%emt 0:01:31]} Bc3 {[%emt 0:10:34]} 35. Qc1 {[%emt 0:02:08]} Qe1+ {[%emt 0:03:07]} 36. Qxe1 {[%emt 0:00:16]} Bxe1 {[%emt 0:00:37]} 37. Ne5 {[%emt 0:00:17]} d2 {[%emt 0:02:51]} 38. Nf7+ {[%emt 0:02:06]} Kg7 {[%emt 0:00:38]} 39. Nxd8 {[%emt 0:00:08]} d1=Q {[%emt 0:00:55]} 0-1

[Event "Faroes Open 2018"]
[Site "Sandavagur"]
[Date "2018.07.13"]
[Round "8"]
[White "Petersen, Elias"]
[Black "Gregersen, Einar"]
[Result "0-1"]
[WhiteElo "1035"]
[BlackElo "1665"]
[Annotator "NA"]
[PlyCount "60"]
[EventDate "2018.07.07"]
[EventType "swiss"]
[EventCountry "FAI"]
[SourceTitle "playchess.com"]
[Source "ChessBase"]
[SourceQuality "1"]
[TimeControl "40/5400+30:900+30"]

1. e4 {[%emt 0:00:00]} c5 {[%emt 0:00:00]} 2. Nf3 {[%emt 0:00:02]} d6 {[%emt 0:00:00]} 3. h3 {[%emt 0:00:27]} g6 {[%emt 0:00:18]} 4. Bc4 {[%emt 0:00:58]} Bg7 {[%emt 0:01:12]} 5. O-O {[%emt 0:02:01]} Nc6 {[%emt 0:00:46]} 6. Nc3 {[%emt 0:01:19]} a6 {[%emt 0:01:13]} 7. a3 {[%emt 0:00:52]} Nf6 {[%emt 0:00:43]} 8. d3 {[%emt 0:00:45]} O-O {[%emt 0:00:39]} 9. Be3 {[%emt 0:01:23]} Nd7 {[%emt 0:01:59]} 10. Qd2 {[%emt 0:01:29]} Nde5 {[%emt 0:01:21]} 11. Nxe5 {[%emt 0:00:52]} Nxe5 {[%emt 0:00:17]} 12. Bb3 {[%emt 0:00:42]} b5 {[%emt 0:07:08]} 13. f4 {[%emt 0:01:10]} Nc6 {[%emt 0:01:09]} 14. Rf3 {[%emt 0:00:53]} Bb7 {[%emt 0:04:11]} 15. Raf1 {[%emt 0:02:08]} e6 {[%emt 0:00:48]} 16. f5 {[%emt 0:00:36]} exf5 {[%emt 0:02:15]} 17. exf5 {[%emt 0:00:17]} Nd4 {[%emt 0:00:30]} 18. Rf4 {[%emt 0:01:12]} Nxf5 {[%emt 0:00:55]} 19. a4 {[%emt 0:01:43]} Be5 {[%emt 0:01:53]} 20. Rg4 {[%emt 0:01:17]} h5 {[%emt 0:01:28]} 21. Rxg6+ {[%emt 0:00:43]} Kh7 {[%emt 0:00:10]} 22. Rg5 {[%emt 0:00:23]} Nxe3 {[%emt 0:00:25]} 23. Rxh5+ {[%emt 0:01:48]} Kg6 {[%emt 0:00:48]} 24. Qe2 {[%emt 0:00:53]} f5 {[%emt 0:19:43]} 25. Rf2 {[%emt 0:01:52]} bxa4 {[%emt 0:01:35]} 26. Ba2 {[%emt 0:00:39]} f4 {[%emt 0:04:46]} 27. h4 {[%emt 0:00:34]} f3 {[%emt 0:04:11]} 28. Rg5+ {[%emt 0:00:15]} Qxg5 {[%emt 0:00:12]} 29. hxg5 {[%emt 0:01:18]} fxe2 {[%emt 0:00:08]} 30. Rxe2 {[%emt 0:00:16]} Rf1# {[%emt 0:00:11]} 0-1

[Event "Faroes Open 2018"]
[Site "Sandavagur"]
[Date "2018.07.14"]
[Round "9"]
[White "Jones, Gawain C B"]
[Black "Nielsen, Hogni Egilstoft"]
[Result "1-0"]
[WhiteElo "2670"]
[BlackElo "2397"]
[Annotator "TA"]
[PlyCount "133"]
[EventDate "2018.07.07"]
[EventType "swiss"]
[EventCountry "FAI"]
[SourceTitle "playchess.com"]
[Source "ChessBase"]
[SourceQuality "1"]

{[%evp 18,133,112,81,74,29,38,37,35,24,24,24,24,25,25,20,25,13,16,16,37,33,88,88,88,88,89,89,99,99,106,106,106,106,106,106,106,99,99,99,99,99,99,99,99,99,99,99,99,99,99,99,99,91,99,99,99,99,99,99,106,30,30,30,54,54,81,54,57,30,30,30,30,37,68,37,37,37,44,52,107,107,107,107,107,107,107,107,109,109,109,66,72,14,12817,12815,12820,12340,12820,6187,12825,12823,12832,12833,12833,12833,12836,12836,12839,12840,12840,12841,12841,12841,12842,12842,12842,12843]} 1. c4 Nf6 2. g3 g6 3. Bg2 Bg7 4. Nc3 O-O 5. d4 d6 6. Nf3 Nc6 7. O-O Bg4 8. d5 Bxf3 9. exf3 Na5 10. b3 {LiveBook: 6 Games} Nxd5 {E62: King's Indian: Fianchetto: 6...c6 and Panno Variation (6...Nc6) without ...a6} (10... c5 11. dxc6 bxc6 12. f4 Rb8 13. Be3 Qc7 14. Rc1 c5 15. Re1 a6 16. Nd5 Nxd5 17. cxd5 Nb7 18. Qd3 {½-½ (34) Adly,A (2620)-Eminov,O (2274) Konya 2017}) 11. cxd5 $146 (11. Nxd5 {looks sharper.} c6 12. Rb1 cxd5 13. cxd5 b6 14. Re1) ({Predecessor:} 11. Nxd5 Bxa1 12. Bd2 c6 13. Nxe7+ Qxe7 14. Qxa1 b6 15. Re1 Qd7 16. Bh6 f5 17. Bxf8 Rxf8 18. f4 {1-0 (50) Bernard,C (2265)-Andruet,G (2420) Paris 1989}) 11... Bxc3 12. Bh6 {Hoping for b4.} c5 {White is slightly better.} 13. dxc6 Nxc6 14. Bxf8 Bxa1 15. Bxe7 $1 Qxe7 16. Qxa1 d5 17. f4 Rd8 18. Rd1 Qe6 19. h4 d4 (19... b6 $14) 20. Bxc6 $1 $16 Qxc6 21. Rxd4 Rxd4 22. Qxd4 {[%mdl 4096] Endgame KQ-KQ} a6 23. Qd3 h5 24. f5 Kh7 25. Qc4 Qd7 26. fxg6+ fxg6 27. Qe4 b5 28. Qa8 Qe6 29. Qb7+ Kg8 30. Kg2 Kh8 31. Qb8+ Kg7 32. Qc7+ Kg8 33. Qd8+ Kg7 34. Qd4+ Kh7 35. Kf1 Kg8 36. Qe3 Qd6 37. Qe4 Kh7 38. Kg2 Kg7 39. g4 (39. Qb7+ $16 Kf6 40. Qf3+ Kg7 41. Qe4) 39... hxg4 $11 40. Qxg4 Qd5+ 41. Qf3 Qd8 42. Qe4 Qf6 43. b4 Kh6 44. Kg3 {[#] Black must now prevent Qf4+.} Kg7 45. Qb7+ Kh8 46. Qb8+ Kg7 47. Qc7+ Kg8 48. a3 Qe6 (48... Qa1 $14) 49. Qb8+ Kg7 50. Qa7+ Kg8 51. Qc5 Kg7 52. h5 Qb3+ 53. Kh4 {[#] Threatens to win with Qe7+.} gxh5 54. Qa7+ ({Reject} 54. Qxh5 $6 Qxa3 55. Qe5+ Kf7 $11) 54... Kf8 55. Qxa6 (55. Qe3 $16 Qd1 56. f3) 55... Qc4+ $2 {[%mdl 8192]} (55... Qf3 $11 56. Qh6+ Kg8 57. Qg5+ (57. Qxh5 Qxf2+ 58. Kh3 Qf1+ 59. Kg3 Qg1+ 60. Kh3 Qh1+ 61. Kg4 Qxh5+ 62. Kxh5 Kf7 $11) 57... Kf8) 56. Kxh5 $18 {White is clearly winning.} Qd5+ 57. Kh4 Qe4+ 58. Kg3 (58. Kg5 $142 Qg2+ 59. Kf4 Qxf2+ 60. Ke5 Qe2+ 61. Kd6) 58... Qe5+ 59. f4 Qe3+ 60. Kg4 Qe2+ 61. Kg5 Qg2+ 62. Kf6 {[%cal Ra6c8]} Qb2+ 63. Ke6 Qe2+ 64. Kd7 {White wants to mate with Qf6+.} Qe7+ 65. Kc8 Qe8+ 66. Kc7 Qe7+ 67. Kb8 {Precision: White = 69%, Black = 58%.} 1-0

[Event "Faroes Open 2018"]
[Site "Sandavagur"]
[Date "2018.07.14"]
[Round "9"]
[White "Vavulin, Maksim"]
[Black "Narayanan, Srinath"]
[Result "1/2-1/2"]
[WhiteElo "2552"]
[BlackElo "2549"]
[Annotator "ChessBase"]
[PlyCount "64"]
[EventDate "2018.07.07"]
[EventType "swiss"]
[EventCountry "FAI"]
[SourceTitle "playchess.com"]
[Source "ChessBase"]
[SourceQuality "1"]
[TimeControl "40/5400+30:900+30"]

1. e4 {[%emt 0:00:00]} e6 {[%emt 0:06:25]} 2. d4 {[%emt 0:02:46]} d5 {[%emt 0:00:50]} 3. Bd3 {[%emt 0:01:41]} dxe4 {[%emt 0:00:25]} 4. Bxe4 {[%emt 0:00:02]} Nf6 {[%emt 0:00:09]} 5. Bf3 {[%emt 0:00:05]} c5 {[%emt 0:00:39]} 6. Ne2 {[%emt 0:00:07]} Be7 {[%emt 0:00:20]} 7. Nbc3 {[%emt 0:06:41]} O-O {[%emt 0:00:10]} 8. d5 {[%emt 0:02:23]} exd5 {[%emt 0:02:31]} 9. Nxd5 {[%emt 0:00:39]} Nxd5 {[%emt 0:03:45]} 10. Qxd5 {[%emt 0:06:18]} Nc6 {[%emt 0:00:20]} 11. c3 {[%emt 0:03:51]} Be6 {[%emt 0:05:51]} 12. Qe4 {[%emt 0:22:05]} Re8 {[%emt 0:02:23]} 13. O-O {[%emt 0:03:22]} Bf6 {[%emt 0:02:31]} 14. Qa4 {[%emt 0:01:36]} Ne5 {[%emt 0:18:05]} 15. Bxb7 {[%emt 0:02:36]} Rb8 {[%emt 0:00:17]} 16. Be4 {[%emt 0:00:58]} Bc4 {[%emt 0:00:10]} 17. Qc2 {[%emt 0:23:58]} Bd3 {[%emt 0:02:14]} 18. Bxd3 {[%emt 0:01:06]} Qxd3 {[%emt 0:00:12]} 19. Qd1 {[%emt 0:05:08]} Qxd1 {[%emt 0:03:54]} 20. Rxd1 {[%emt 0:00:01]} Nc4 {[%emt 0:00:08]} 21. Kf1 {[%emt 0:00:23]} Nxb2 {[%emt 0:00:36]} 22. Rd7 {[%emt 0:02:52]} Na4 {[%emt 0:07:58]} 23. Be3 {[%emt 0:02:34]} Nxc3 {[%emt 0:04:10]} 24. Nxc3 {[%emt 0:00:16]} Bxc3 {[%emt 0:00:03]} 25. Rc1 {[%emt 0:00:13]} Bd4 {[%emt 0:00:07]} 26. Bxd4 {[%emt 0:00:22]} cxd4 {[%emt 0:00:04]} 27. Rxa7 {[%emt 0:02:50]} Red8 {[%emt 0:02:03]} 28. g3 {[%emt 0:03:51]} d3 {[%emt 0:00:55]} 29. Rd1 {[%emt 0:00:21]} g6 {[%emt 0:00:56]} 30. Ra3 Rb2 31. Raxd3 Rxd3 32. Rxd3 Rxa2 1/2-1/2

[Event "Faroes Open 2018"]
[Site "Sandavagur"]
[Date "2018.07.14"]
[Round "9"]
[White "Kunin, Vitaly"]
[Black "Miezis, Normunds"]
[Result "1-0"]
[WhiteElo "2538"]
[BlackElo "2468"]
[Annotator "TA"]
[PlyCount "81"]
[EventDate "2018.07.07"]
[EventType "swiss"]
[EventCountry "FAI"]
[SourceTitle "playchess.com"]
[Source "ChessBase"]
[SourceQuality "1"]

{[%evp 25,81,101,95,96,91,93,85,97,96,117,114,60,83,52,84,79,68,58,60,66,61,69,77,85,64,65,77,85,132,143,140,133,231,243,228,201,213,211,212,192,239,232,246,214,417,397,444,428,601,590,682,663,2316,2699,29983,29982,29974,29973]} 1. d4 e6 2. c4 Nf6 3. Nf3 Bb4+ 4. Nbd2 d5 5. Qa4+ Nc6 6. e3 O-O 7. a3 Bxd2+ 8. Bxd2 Ne4 9. Qc2 a5 10. Bd3 f5 11. O-O a4 {E11: Damenindisch (Bogoljubow-Variante)} (11... Bd7 12. b4 Ne7 13. bxa5 Nxd2 14. Qxd2 Ng6 15. cxd5 exd5 16. Rab1 Ra7 17. Rfc1 c6 18. Rb6 Qe7 19. Qb4 {1-0 (40) Moiseenko,A (2710)-Miezis,N (2596) Al Ain 2012}) 12. Bb4 Rf6 13. Ne5 Bd7 {LiveBook: 3 Partien. Weiß steht besser.} 14. cxd5 $146 ({Vorgänger:} 14. f3 Nd6 15. Rac1 dxc4 16. Nxc4 Nxb4 17. axb4 Nxc4 18. Qxc4 c6 19. Ra1 {½-½ (89) Sirosh,I (2271)-Miezis,N (2509) Parnu 2016}) 14... exd5 15. f3 Ng5 16. Be1 Nxe5 17. dxe5 Rc6 18. Qd1 ({Günstiger ist} 18. Qd2 $16) 18... Rb6 19. Kh1 h6 ({Aber nicht} 19... Rxb2 $2 20. Bh4 $18) 20. Bb4 Bb5 21. Bxb5 Rxb5 22. Qd3 Qd7 23. h4 $1 {[%cal Rh4g5]} Ne6 24. Qxf5 c5 25. Bc3 Rf8 26. Qh3 d4 27. exd4 cxd4 {[#]} 28. Bb4 $1 {[%cal Rb4f8]} Rxb4 (28... Rf4 $16 {war einen Versuch wert.}) 29. axb4 $18 Qd5 30. Rad1 ({Jedoch nicht} 30. Rxa4 Qxe5 31. Ra7 d3) 30... d3 31. Qg3 Rf4 32. Qe1 b5 33. Qe3 Rxh4+ 34. Kg1 Nf4 $2 {[#]} (34... Rd4 {ist eine bessere Verteidigung.} 35. f4 Qe4 36. Qxe4 Rxe4) 35. g3 $1 {[%cal Rg3h4]} Ne2+ 36. Kg2 Rd4 (36... Rxb4 $142 37. Rxd3 Nd4) 37. Rd2 Qe6 38. Rfd1 Qg6 39. Rxe2 $1 dxe2 40. Rxd4 Qb6 41. Re4 {Precision: Weiß = 83%, Schwarz = 34%.} 1-0